Statistics for THREE: all answers relate to the number 3

Click here to take the quiz!

General Stats

  • This quiz has been taken 23 times
  • The average score is 9 of 15

Answer Stats

ClueAnswer% Correct
Ursine porridge eatersThe Three Bears
91%
Fable about huffing and puffing?Three Little Pigs
91%
Athos, Aramis, and PorthosThe Three Musketeers
86%
See how they run!Three Blind Mice
82%
Swim, cycle and runTriathlon
82%
Steve Martin movieThe Three Amigos
68%
American vaudeville and comedy team The Three Stooges
68%
Hop Skips and..... eventTriple Jump
64%
Christmas gift bearersThe Three Kings
59%
Hunchback KingRichard III
50%
Biggest hit: "Mama Told Me Not to Come"Three Dog Night
45%
MacbethThe Three Witches
32%
1990 World Cup theme by.....The Three Tenors
23%
Eddie Cochran hit (and Showwaddywaddy!)Three Steps to Heaven
18%
Film series, Binoche in the firstThree Colours
14%

Score Distribution

Percentile by Number Answered

Percent of People with Each Score

Your Score History

You have not taken this quiz